000 00711nam a2200289Ia 4500
005 20260324124614.0
008 008 260324s9999 xx 000 0 eng d
020 _a9780203707500
037 _aEBOOK
040 _aCRL
040 _beng
040 _cCRL
041 _2eng
041 _aeng
084 _qCRL
100 _aCarmen Richerzhagen
_91174799
245 0 _aProtecting Biological Diversity
245 4 _bThe Effectiveness of Access and Benefit-sharing Regimes
260 _bTaylor and Francis
260 _c2010
365 _a
365 _b230
856 _uhttp://www.taylorfrancis.com/books/9780203707500
942 _cEBOOK
999 _c1769315
_d1769315